Statistics for A-Z Cities in India

Click here to take the quiz!

General Stats

  • This quiz has been taken 92 times
    (89 since last reset)
  • The average score is 11 of 26

Answer Stats

HintAnswerPopulation% Correct
DDelhi12,791,000
94%
MMumbai16,368,000
86%
CChennai6,425,000
84%
AAhmedabad4,519,000
83%
KKolkata13,217,000
83%
BBangalore5,687,000
81%
PPune3,756,00
63%
HHyderabad5,534,000
63%
JJaipur2,690,000
63%
LLucknow2,267,000
60%
SSurat2,811,000
49%
NNagpur2,123,000
49%
IIndore1,639,044
46%
FFaridabad1,055,000
32%
VVadodara1,306,000
25%
RRajkot1,002,000
17%
GGhaziabad1,636,068
16%
WWarangal811,844
13%
EErode498,129
11%
TThane1,818,872
11%
YYamunanagar306,740
11%
UUjjain515,215
10%
OOzhukarai300,028
2%
ZZahirabad44,589
2%
QQuilon361,560
0%
XXelvona64,644
0%

Score Distribution

Percentile by Number Answered

Percent of People with Each Score

Your Score History

You have not taken this quiz since the last reset